Sharks / (Record no. 4271)

MARC details
000 -LEADER
fixed length control field 00889nam a22002777a 4500
001 - CONTROL NUMBER
control field 4271
003 - CONTROL NUMBER IDENTIFIER
control field FISKH
005 - DATE AND TIME OF LATEST TRANSACTION
control field 20240711100922.0
008 - FIXED-LENGTH DATA ELEMENTS--GENERAL INFORMATION
fixed length control field 240711b cb ||||| |||| 00| 0 eng d
020 ## - INTERNATIONAL STANDARD BOOK NUMBER
International Standard Book Number 9780439425032
040 ## - CATALOGING SOURCE
Original cataloging agency FISKH
Language of cataloging eng
Transcribing agency FISKH
Modifying agency FISKH
050 ## - LIBRARY OF CONGRESS CALL NUMBER
Classification number QL638.G93
082 ## - DEWEY DECIMAL CLASSIFICATION NUMBER
Classification number 597.3
100 ## - MAIN ENTRY--PERSONAL NAME
Personal name Guiberson, Brenda Z.
245 ## - TITLE STATEMENT
Title Sharks /
Statement of responsibility, etc. Brenda Z. Guiberson
250 ## - EDITION STATEMENT
Edition statement First Trade printing, August 2003
260 ## - PUBLICATION, DISTRIBUTION, ETC.
Place of publication, distribution, etc. New York :
Name of publisher, distributor, etc. Scholastic,
Date of publication, distribution, etc. 2002
300 ## - PHYSICAL DESCRIPTION
Extent 32 pages :
Other physical details color illustrations ;
Dimensions 23 cm
505 ## - FORMATTED CONTENTS NOTE
Formatted contents note M<br/>
520 ## - SUMMARY, ETC.
Summary, etc. Photographs and easy text introduce sharks, their habitats, and behaviors, as well as detailing a few of the more than 350 varieties of sharks.
521 8# - TARGET AUDIENCE NOTE
Target audience note 530<br/>
Source Lexile NC <br/>
521 8# - TARGET AUDIENCE NOTE
Target audience note M<br/>
Source Raz-Plus<br/>
650 ## - SUBJECT ADDED ENTRY--TOPICAL TERM
Topical term or geographic name entry element Ocean Animals
Form subdivision Science
General subdivision Marine Life
942 ## - ADDED ENTRY ELEMENTS (KOHA)
Source of classification or shelving scheme Dewey Decimal Classification
Koha item type Books
Suppress in OPAC No
Holdings
Withdrawn status Lost status Source of classification or shelving scheme Damaged status Not for loan Collection Home library Current library Shelving location Date acquired Total Checkouts Full call number Barcode Date last seen Price effective from Koha item type
    Dewey Decimal Classification     Non-Fiction Footprints International School Library Network Toul Kork Campus Footprints International School Library Network Toul Kork Campus TK Primary Library Room(4th Floor), Bookcase 3&4, Shelves 17-32, Yellow Books 07/11/2024   GUI 597.3 QL638.G93 FISBK02556 07/11/2024 07/11/2024 Books